[Event "LLHH 2324 SK Marmstorf - FC St. Pauli II"]
[Site "?"]
[Date "2024.01.14"]
[Round "4.4"]
[White "Mueller, Jan-Hendrik"]
[Black "Wronn, Bernd"]
[Result "0-1"]
[WhiteElo "2155"]
[BlackElo "2150"]
[PlyCount "116"]
[EventDate "2024.??.??"]

1. d4 Nf6 2. Nf3 d5 3. c4 e6 4. e3 c5 5. cxd5 exd5 6. Bb5+ Bd7 7. Bxd7+ Nbxd7 8. b3 Bd6 9. dxc5 Nxc5 10. O-O O-O 11. Nc3 Nce4 12. Bb2 Bb4 13. Qd4 Bxc3 14. Bxc3 Nxc3 15. Qxc3 Rc8 16. Qb2 Qd7 17. Rac1 h6 18. h3 a6 19. Rxc8 Rxc8 20. Rd1 Qc7 21. Nd4 Kf8 22. Ne2 Qc2 23. Rd2 Qxb2 24. Rxb2 Ke7 25. f3 g6 26. Kf2 Kd6 27. h4 Ke5 28. Rd2 g5 29. hxg5 hxg5 30. g4 Ne8 31. Ke1 Nd6 32. a4 Rh8 33. Rd4 Rh1+ 34. Kd2 Rh3 35. Nc3 f6 36. Nxd5 Rxf3 37. Nc7 Nc8 38. Rd5+ Ke4 39. Rd4+ Ke5 40. Kd3 f5 41. Ke2 fxg4 42. Rxg4 Rf5 43. Ne8 Nd6 44. Ng7 Rf7 45. Rxg5+ Kf6 46. Rd5 Ne4 47. Nh5+ Ke6 48. Rd4 Ke5 49. Kd3 Nf2+ 50. Kc4 Rf3 51. Rf4 b5+ 52. axb5 axb5+ 53. Kxb5 Rxe3 54. Rb4 Ne4 55. Ka5 Nc5 56. Rb5 Kd6 57. b4 Ra3+ 58. Kb6 Ra6# 0-1

[Event "LLHH 2324 SK Marmstorf - FC St. Pauli II"]
[Site "?"]
[Date "2024.01.14"]
[Round "4.5"]
[White "Grote, Dirk"]
[Black "Hohlbein, Michael"]
[Result "1-0"]
[WhiteElo "2040"]
[BlackElo "1971"]
[PlyCount "63"]
[EventDate "2024.??.??"]

1. d4 Nf6 2. Nf3 g6 3. g3 Bg7 4. Bg2 O-O 5. c4 d6 6. O-O c5 7. dxc5 dxc5 8. Ne5 Qb6 9. Qb3 Qc7 10. Bf4 Nh5 11. Nxg6 Nxf4 12. Nxf4 Nc6 13. e3 Na5 14. Qc2 Qe5 15. Nd3 Bf5 16. Nc3 Rfd8 17. e4 Qd4 18. Nf4 Bg6 19. Rfd1 Qxc4 20. Bf1 Qb4 21. Nfd5 Rxd5 22. Nxd5 Qxe4 23. Qxc5 Nc6 24. Bd3 Qe5 25. Bxg6 hxg6 26. Rab1 Kh7 27. Qe3 Qf5 28. Nxe7 Nxe7 29. Qxe7 Rc8 30. Qh4+ Kg8 31. Rd8+ Bf8 32. Rbd1 1-0

[Event "LLHH 2324 SK Marmstorf - FC St. Pauli II"]
[Site "?"]
[Date "2024.01.14"]
[Round "4.6"]
[White "Bach, Matthias"]
[Black "David, Torsten"]
[Result "1-0"]
[WhiteElo "2189"]
[BlackElo "2043"]
[PlyCount "105"]
[EventDate "2024.??.??"]

1. d4 Nf6 2. c4 e6 3. Nf3 Bb4+ 4. Bd2 Qe7 5. g3 Nc6 6. Bg2 Bxd2+ 7. Nbxd2 d6 8. Nf1 O-O 9. Ne3 a5 10. O-O e5 11. Re1 Bg4 12. Nxg4 Nxg4 13. h3 Nf6 14. e3 Nd7 15. Nd2 Rfe8 16. Ne4 Nf6 17. b3 Nxe4 18. Bxe4 Qf6 19. dxe5 dxe5 20. a3 Red8 21. Qc2 g6 22. Red1 Kg7 23. Qc3 Rd6 24. c5 Rdd8 25. b4 axb4 26. axb4 Rxd1+ 27. Rxd1 Rd8 28. Ra1 Re8 29. b5 Nd8 30. Rd1 Qe6 31. Kg2 Qe7 32. c6 bxc6 33. bxc6 Qf6 34. Rd7 Ne6 35. Bd5 Rc8 36. Qc4 Re8 37. h4 h5 38. Qc3 Re7 39. Rxe7 Qxe7 40. Qxe5+ Qf6 41. Qe4 Kf8 42. Bxe6 Qxe6 43. Qxe6 fxe6 44. Kf3 Ke7 45. Kf4 Kd6 46. Kg5 Kxc6 47. Kxg6 Kd5 48. g4 c5 49. gxh5 c4 50. h6 c3 51. h7 c2 52. h8=Q c1=Q 53. Qa8+ 1-0

[Event "LLHH 2324 SK Marmstorf - FC St. Pauli II"]
[Site "?"]
[Date "2024.01.14"]
[Round "4.7"]
[White "Knecht, Guntram"]
[Black "Peschke, Matthias"]
[Result "1-0"]
[WhiteElo "2039"]
[BlackElo "2007"]
[PlyCount "117"]
[EventDate "2024.??.??"]

1. e4 Nf6 2. e5 Nd5 3. d4 d6 4. c4 Nb6 5. exd6 cxd6 6. Nc3 g6 7. Nf3 Bg7 8. Be2 O-O 9. O-O e5 10. Be3 Nc6 11. Qd2 Bg4 12. d5 Ne7 13. Bh6 Bxf3 14. gxf3 Rc8 15. Bxg7 Kxg7 16. b3 f5 17. f4 Ng8 18. fxe5 dxe5 19. f4 Re8 20. fxe5 Rxe5 21. Nb5 Nf6 22. Nd4 Ne4 23. Qd3 Qd6 24. Rfd1 Rce8 25. Ne6+ Kg8 26. Qd4 Nd7 27. Bf3 Nec5 28. b4 Nxe6 29. dxe6 Qxd4+ 30. Rxd4 Nf8 31. Bxb7 Re7 32. Bd5 Nxe6 33. c5 Kf8 34. Bxe6 R5xe6 35. Rc4 Ke8 36. Rd1 Re1+ 37. Rxe1 Rxe1+ 38. Kf2 Rb1 39. a4 a5 40. b5 Rb4 41. Rxb4 axb4 42. a5 b3 43. a6 b2 44. a7 b1=Q 45. a8=Q+ Ke7 46. Qb7+ Ke6 47. Qc6+ Ke7 48. Qd6+ Ke8 49. b6 Qc2+ 50. Ke3 Qc3+ 51. Kf4 Qc1+ 52. Ke5 Qc3+ 53. Ke6 Qe3+ 54. Kf6 Qc3+ 55. Qe5+ Qxe5+ 56. Kxe5 Kd7 57. Kd5 f4 58. c6+ Kc8 59. Kd6 1-0

[Event "LLHH 2324 SK Marmstorf - FC St. Pauli II"]
[Site "?"]
[Date "2024.01.14"]
[Round "4.8"]
[White "Herlan, Klaus-Juergen"]
[Black "Steinbrenner, Juerg"]
[Result "0-1"]
[WhiteElo "1990"]
[BlackElo "1962"]
[PlyCount "64"]
[EventDate "2024.??.??"]

1. d4 d5 2. Nf3 Nf6 3. e3 e6 4. Bd3 c5 5. c3 Nc6 6. Nbd2 Qc7 7. O-O Be7 8. Qe2 O-O 9. dxc5 Bxc5 10. e4 Bd6 11. h3 Bd7 12. Re1 dxe4 13. Nxe4 Nxe4 14. Qxe4 f5 15. Qe2 Rae8 16. Bc4 Na5 17. Bd3 e5 18. Bc2 a6 19. a4 Be6 20. Qd1 Kh8 21. Bd2 Bg8 22. b3 e4 23. Nd4 Be5 24. Rc1 Ra8 25. Qe2 Qd6 26. Bg5 Rac8 27. Red1 Qg6 28. Bh4 Rxc3 29. Kf1 Bxd4 30. Rxd4 Nxb3 31. Rcd1 Nxd4 32. Rxd4 Qc6 0-1

[Event "LLHH 2324 FC St. Pauli III - SC Diogene"]
[Site "?"]
[Date "2024.02.04"]
[Round "5.1"]
[White "Hochgraefe, Markus"]
[Black "Thomaschke, Dirk"]
[Result "1-0"]
[WhiteElo "2359"]
[BlackElo "2144"]
[PlyCount "77"]
[EventDate "2024.??.??"]

1. Nf3 Nf6 2. c4 b6 3. g3 Bb7 4. Bg2 e6 5. O-O Be7 6. d4 O-O 7. Nc3 Na6 8. Re1 Ne4 9. Bd2 f5 10. Qa4 Qc8 11. Rad1 d6 12. Nxe4 Bxe4 13. Ng5 Bxg2 14. Kxg2 Bxg5 15. Bxg5 h6 16. Bf4 Qb7+ 17. Kg1 Rae8 18. Qc2 Nb4 19. Qc3 Nc6 20. d5 Ne7 21. b4 Ng6 22. Bc1 f4 23. c5 e5 24. Bb2 Rf6 25. Rc1 Qxd5 26. Red1 Qxa2 27. Ra1 Qe6 28. cxd6 cxd6 29. Rxa7 fxg3 30. fxg3 Ref8 31. Qc7 R8f7 32. Qxb6 Rxa7 33. Qxa7 Qb3 34. Rd2 Qxb4 35. Qe3 Qg4 36. Rd1 Nf4 37. Re1 Qh3 38. Qf3 h5 39. gxf4 {(ZÜ)} 1-0

[Event "LLHH 2324 FC St. Pauli III - SC Diogene"]
[Site "?"]
[Date "2024.02.04"]
[Round "5.2"]
[White "Kahlert, Thomas"]
[Black "Schulenburg, Fabian"]
[Result "1/2-1/2"]
[WhiteElo "2118"]
[BlackElo "2270"]
[PlyCount "74"]
[EventDate "2024.??.??"]

1. c4 e5 2. Nc3 Nf6 3. Nf3 Nc6 4. g3 d5 5. cxd5 Nxd5 6. Bg2 Nb6 7. O-O Be7 8. b3 O-O 9. Bb2 Re8 10. Rc1 Bf8 11. d3 Nd4 12. Ne4 Nxf3+ 13. Bxf3 c6 14. Bg2 f6 15. Nc5 Nd5 16. a3 b6 17. Ne4 c5 18. Nc3 Be6 19. Qc2 Nxc3 20. Bxc3 Rc8 21. Qb2 b5 22. b4 Qd7 23. Rfd1 Red8 24. h4 a6 25. Bd2 c4 26. Be3 Qf7 27. Bf3 cxd3 28. Rxc8 Bxc8 29. Rxd3 Rxd3 30. exd3 Bf5 31. Qc3 Qd7 32. Be4 Bxe4 33. dxe4 Kf7 34. Bc5 Be7 35. Qb3+ Qe6 36. Qxe6+ Kxe6 37. Bxe7 Kxe7 1/2-1/2

[Event "LLHH 2324 FC St. Pauli III - SC Diogene"]
[Site "?"]
[Date "2024.02.04"]
[Round "5.3"]
[White "Kaid, Almar"]
[Black "Goepfert, Jakob"]
[Result "0-1"]
[WhiteElo "2302"]
[BlackElo "2125"]
[PlyCount "64"]
[EventDate "2024.??.??"]

1. Nf3 d5 2. g3 Nf6 3. Bg2 Bf5 4. c4 e6 5. Qb3 Qc8 6. Nc3 c6 7. cxd5 exd5 8. O-O Be7 9. d3 O-O 10. Be3 Na6 11. Rac1 Nc7 12. Rfe1 h6 13. Nd4 Bd7 14. Bf4 Na6 15. Nxd5 Nxd5 16. Bxd5 Nc5 17. Qa3 cxd5 18. b4 b6 19. Nb3 Qa6 20. Qb2 Ne6 21. Bd2 Rac8 22. Bc3 Rfe8 23. f4 Bf8 24. f5 Ng5 25. Nd4 b5 26. h4 Nh7 27. e4 dxe4 28. dxe4 Qd6 29. Kh2 Nf6 30. Qc2 Rc4 31. Rcd1 Qc7 32. Rd3 Rxe4 0-1

[Event "LLHH 2324 FC St. Pauli III - SC Diogene"]
[Site "?"]
[Date "2024.02.04"]
[Round "5.4"]
[White "zur Lage, Julian"]
[Black "Schulenburg, Torben"]
[Result "1/2-1/2"]
[WhiteElo "2102"]
[BlackElo "2229"]
[PlyCount "23"]
[EventDate "2024.??.??"]

1. d4 Nf6 2. Nf3 g6 3. c4 Bg7 4. Nc3 d5 5. cxd5 Nxd5 6. Na4 O-O 7. Bg5 Nf6 8. e3 Ne4 9. Bh4 Bf5 10. Bd3 Nd6 11. O-O Nd7 12. Rc1 1/2-1/2

[Event "LLHH 2324 FC St. Pauli III - SC Diogene"]
[Site "?"]
[Date "2024.02.04"]
[Round "5.5"]
[White "Stephan, Axel"]
[Black "Wronn, Bernd"]
[Result "1/2-1/2"]
[WhiteElo "2227"]
[BlackElo "2161"]
[PlyCount "85"]
[EventDate "2024.??.??"]

1. e4 c6 2. d3 d5 3. Nd2 e5 4. Ngf3 Bd6 5. d4 exd4 6. exd5 cxd5 7. Nxd4 Nc6 8. N2f3 Nf6 9. Be2 O-O 10. O-O Ne4 11. Be3 a6 12. Nxc6 bxc6 13. c4 Rb8 14. cxd5 cxd5 15. Bd4 Bg4 16. h3 Bc8 17. Rc1 Bf4 18. Rc2 Bf5 19. Ne1 Bd6 20. Bg4 Bg6 21. Nd3 Qh4 22. Be5 Rfe8 23. Bxd6 Nxd6 24. Rc6 Nc4 25. Rxa6 Nxb2 26. Nxb2 Rxb2 27. Qxd5 h5 28. Rxg6 hxg4 29. Rxg4 Qf6 30. a4 Rxf2 31. Rxf2 Re1+ 32. Kh2 Qxf2 33. Qd8+ Kh7 34. Qh4+ Qxh4 35. Rxh4+ Kg6 36. Kg3 Ra1 37. Rb4 Ra2 38. Kf3 Kh5 39. Rb5+ g5 40. Ra5 f5 41. Ra8 Ra3+ 42. Kf2 Ra2+ 43. Kf3 1/2-1/2

[Event "LLHH 2324 FC St. Pauli III - SC Diogene"]
[Site "?"]
[Date "2024.02.04"]
[Round "5.6"]
[White "Grote, Dirk"]
[Black "Gottuk, Stefan"]
[Result "1-0"]
[WhiteElo "2025"]
[BlackElo "2171"]
[PlyCount "87"]
[EventDate "2024.??.??"]

1. d4 d6 2. Nf3 f5 3. g3 Nf6 4. Bg2 g6 5. O-O Bg7 6. c4 O-O 7. Nc3 Qe8 8. b3 c6 9. Re1 e5 10. Ba3 e4 11. Bxd6 exf3 12. exf3 Qf7 13. Re7 Qxe7 14. Bxe7 Re8 15. Ba3 Bd7 16. Qd2 Na6 17. Re1 Nc7 18. f4 Rxe1+ 19. Qxe1 Re8 20. Qd2 b6 21. Bd6 Rc8 22. Be5 Kf7 23. Qb2 Bf8 24. Bxf6 Kxf6 25. d5 Kf7 26. dxc6 Be6 27. Nd5 Bxd5 28. Bxd5+ Nxd5 29. cxd5 Bd6 30. Qe2 Re8 31. Qa6 Re7 32. Qc8 h5 33. Kg2 Bc7 34. Qh8 Bd6 35. Qh7+ Kf6 36. Qg8 Bc7 37. b4 a6 38. Qf8+ Rf7 39. Qc8 Re7 40. Qxa6 Re4 41. Qb7 Re7 42. Qc8 Kf7 43. a4 Kf6 44. Qa8 1-0

[Event "LLHH 2324 FC St. Pauli III - SC Diogene"]
[Site "?"]
[Date "2024.02.04"]
[Round "5.7"]
[White "Kilic, Oguz"]
[Black "David, Torsten"]
[Result "0-1"]
[WhiteElo "2041"]
[BlackElo "2037"]
[PlyCount "114"]
[EventDate "2024.??.??"]

1. e4 c5 2. Nc3 a6 3. d3 e6 4. g3 b5 5. Bg2 Bb7 6. Nh3 Nf6 7. O-O d6 8. f4 Be7 9. a3 O-O 10. g4 Nc6 11. g5 Nd7 12. f5 Nde5 13. f6 gxf6 14. gxf6 Bxf6 15. Qh5 Bg7 16. Ng5 h6 17. Nh3 f6 18. Nf4 Qe8 19. Qh3 Nd4 20. Rf2 f5 21. Be3 Ng4 22. Raf1 Nxe3 23. Qxe3 Nxc2 24. Qg3 Nd4 25. Kh1 e5 26. Nfd5 f4 27. Qh4 Rf7 28. Bh3 Bc8 29. Rg1 Bxh3 30. Qxh3 Qe6 31. Qh5 Rff8 32. Rg6 Qf7 33. Qxh6 f3 34. Nf6+ Qxf6 35. Rxf6 Bxh6 36. Rxh6 Rae8 37. Nd5 Kg7 38. Rh3 Rh8 39. Rg3+ Kf7 40. Ne3 Reg8 41. Rxg8 Kxg8 42. b4 Rh4 43. Nd5 c4 44. dxc4 bxc4 45. Nc3 Kg7 46. Kg1 Kg6 47. a4 Kg5 48. b5 axb5 49. Nxb5 Rxe4 50. Nxd6 Rg4+ 51. Kf1 c3 52. h3 Rh4 53. Ke1 Kf4 54. Nb5 Nxb5 55. axb5 Ke3 56. Rc2 Kd3 57. Rf2 e4 0-1

[Event "LLHH 2324 FC St. Pauli III - SC Diogene"]
[Site "?"]
[Date "2024.02.04"]
[Round "5.8"]
[White "Knecht, Guntram"]
[Black "Hohlfeld, Wolfgang"]
[Result "1/2-1/2"]
[WhiteElo "2048"]
[BlackElo "2041"]
[PlyCount "37"]
[EventDate "2024.??.??"]

1. e4 c5 2. Nf3 d6 3. d4 cxd4 4. Nxd4 Nf6 5. Nc3 g6 6. Be3 Bg7 7. f3 O-O 8. Qd2 Nc6 9. O-O-O d5 10. Nxc6 bxc6 11. exd5 Nxd5 12. Nxd5 cxd5 13. Qxd5 Qc7 14. Qc5 Qb8 15. Bd4 Qf4+ 16. Be3 Qb8 17. Bd4 Qf4+ 18. Be3 Qb8 19. Bd4 1/2-1/2

[Event "LLHH 2324 SC Königsspringer II - SK Mar"]
[Site "?"]
[Date "2024.02.04"]
[Round "5.1"]
[White "Carlstedt, Jonathan"]
[Black "Wagner, Friedrich"]
[Result "1-0"]
[WhiteElo "2426"]
[BlackElo "2111"]
[PlyCount "99"]
[EventDate "2024.??.??"]

1. d4 d5 2. c4 c6 3. Nf3 Nf6 4. Nc3 a6 5. cxd5 cxd5 6. Bf4 Nc6 7. Rc1 Ne4 8. a3 Nxc3 9. Rxc3 e6 10. e3 Bd6 11. Bxd6 Qxd6 12. Bd3 Bd7 13. O-O h6 14. Bb1 Rc8 15. Qd3 Ne7 16. Rxc8+ Bxc8 17. Ne5 f6 18. Ng6 Nxg6 19. Qxg6+ Kf8 20. Rc1 Bd7 21. Bd3 h5 22. Be2 Rh6 23. Qg3 e5 24. dxe5 fxe5 25. Rd1 Be6 26. Qg5 Bf7 27. Rc1 Qb8 28. Qf5 Ke7 29. Rc8 Qd6 30. Qg5+ Qf6 31. Rc7+ Kf8 32. Qxf6 Rxf6 33. Rxb7 Rc6 34. f3 h4 35. Bd3 Rc1+ 36. Kf2 a5 37. Rb5 a4 38. Rb4 g5 39. Rxa4 Rd1 40. Ke2 Rh1 41. h3 Be6 42. Rb4 Ke7 43. Rb6 Ra1 44. Kf2 Kf7 45. Be2 Ke7 46. Rc6 Rb1 47. Rc2 Kd6 48. Rd2 Bd7 49. Bd3 Ra1 50. Be4 1-0

[Event "LLHH 2324 SC Königsspringer II - SK Mar"]
[Site "?"]
[Date "2024.02.04"]
[Round "5.2"]
[White "Conrad, Christian"]
[Black "Kuberczyk, Christoph"]
[Result "0-1"]
[WhiteElo "2082"]
[BlackElo "2279"]
[PlyCount "58"]
[EventDate "2024.??.??"]

1. Nf3 d5 2. g3 g6 3. Bg2 Bg7 4. d4 Nf6 5. O-O O-O 6. c4 c6 7. b3 a5 8. Nc3 Bf5 9. Ne5 Nbd7 10. Bb2 dxc4 11. Nxc4 Nb6 12. Nxb6 Qxb6 13. Na4 Qc7 14. Rc1 Rad8 15. Qe1 Bh6 16. Bc3 Bxc1 17. Bxa5 Qd6 18. Bxd8 Rxd8 19. Qxc1 Qxd4 20. Nc5 b6 21. Nb7 Rc8 22. Rd1 Qe5 23. Rd8+ Rxd8 24. Nxd8 c5 25. Bf3 Qd6 26. Nc6 Be4 27. Bxe4 Nxe4 28. Na7 Qd7 29. Kg2 Nd2 0-1

[Event "LLHH 2324 SC Königsspringer II - SK Mar"]
[Site "?"]
[Date "2024.02.04"]
[Round "5.3"]
[White "Ramme, Christoph"]
[Black "Cremer, Jochen"]
[Result "1/2-1/2"]
[WhiteElo "2108"]
[BlackElo "2086"]
[PlyCount "168"]
[EventDate "2024.??.??"]

1. d4 d5 2. c4 c6 3. cxd5 cxd5 4. Bf4 Nc6 5. Nc3 Nf6 6. e3 Bf5 7. Qb3 Na5 8. Qa4+ Bd7 9. Qc2 Rc8 10. Bd3 e6 11. Nf3 Nc6 12. a3 Be7 13. h3 g6 14. O-O O-O 15. Rfc1 Nh5 16. Bh6 Re8 17. g4 Ng7 18. Bf4 Rf8 19. Qd1 Be8 20. Ne5 Nxe5 21. Bxe5 f6 22. Bg3 a6 23. Na4 Bc6 24. Nc5 Bd6 25. Bxd6 Qxd6 26. Qd2 e5 27. f4 exf4 28. exf4 f5 29. g5 Nh5 30. Rf1 Ng3 31. Rf3 Ne4 32. Qb4 Rcd8 33. Bf1 Rfe8 34. Rd1 Nxc5 35. dxc5 Qc7 36. Qd2 Qe7 37. b4 d4 38. Rd3 Qe4 39. Bg2 Qxg2+ 40. Qxg2 Bxg2 41. Kxg2 Re4 42. Kf3 Kf7 43. Rc1 Rde8 44. c6 bxc6 45. Rxc6 Re3+ 46. Rxe3 Rxe3+ 47. Kf2 Rxa3 48. Rd6 Ke7 49. Rxd4 Rxh3 50. b5 axb5 51. Rb4 h5 52. gxh6 Rxh6 53. Rxb5 Rh3 54. Rb6 Kf7 55. Rb7+ Kf6 56. Ra7 Rd3 57. Ke2 Rc3 58. Kf2 Rb3 59. Kg2 Rd3 60. Kf2 Rc3 61. Ke2 Ke6 62. Ra5 Kd6 63. Kf2 Rc5 64. Ra6+ Kd5 65. Rxg6 Ke4 66. Rg3 Rc2+ 67. Kf1 Kxf4 68. Ra3 Kg4 69. Rb3 f4 70. Ra3 Rh2 71. Kg1 Rb2 72. Kf1 Rc2 73. Rb3 Kf5 74. Ra3 Ke4 75. Rb3 Rd2 76. Ra3 Rb2 77. Rc3 Kf5 78. Ra3 Kg4 79. Rc3 Rb1+ 80. Kf2 Rh1 81. Kg2 Ra1 82. Kf2 Ra2+ 83. Kf1 f3 84. Rc8 Kg3 1/2-1/2

[Event "LLHH 2324 SC Königsspringer II - SK Mar"]
[Site "?"]
[Date "2024.02.04"]
[Round "5.4"]
[White "Moehrmann, Marcus"]
[Black "Mueller, Jan-Hendrik"]
[Result "0-1"]
[WhiteElo "1990"]
[BlackElo "2145"]
[PlyCount "78"]
[EventDate "2024.??.??"]

1. d4 d5 2. c4 e6 3. Nf3 Nf6 4. Nc3 Be7 5. e3 O-O 6. b3 b6 7. Bb2 Bb7 8. Bd3 Nbd7 9. O-O a6 10. Rc1 Bd6 11. cxd5 exd5 12. Ne2 Qe7 13. Ng3 g6 14. Re1 Ne4 15. Bb1 f5 16. Re2 h5 17. Rec2 Rac8 18. b4 h4 19. Nf1 g5 20. h3 Rf7 21. a3 Rg7 22. N3h2 Ndf6 23. f3 Ng3 24. Rf2 Re8 25. Rc3 Bc8 26. Bc1 g4 27. hxg4 fxg4 28. fxg4 Nfe4 29. Rcc2 Nxf2 30. Rxf2 Ne4 31. Rc2 Qg5 32. Bd2 Rf8 33. Qe2 Rf2 34. Qe1 Bg3 35. Nxg3 hxg3 36. Nf1 Qh4 37. Rxc7 Rxc7 38. Bxe4 dxe4 39. Nxg3 Rxd2 0-1

[Event "LLHH 2324 SC Königsspringer II - SK Mar"]
[Site "?"]
[Date "2024.02.04"]
[Round "5.5"]
[White "Hohlbein, Michael"]
[Black "Lohse, Marc"]
[Result "1/2-1/2"]
[WhiteElo "1957"]
[BlackElo "1913"]
[PlyCount "105"]
[EventDate "2024.??.??"]

1. e4 c5 2. Nc3 e6 3. g3 d5 4. exd5 exd5 5. Bg2 Nf6 6. d3 d4 7. Ne4 Nxe4 8. dxe4 Nc6 9. Ne2 Bg4 10. h3 Bh5 11. O-O Bd6 12. g4 Bg6 13. f4 f6 14. c3 Qc7 15. Kh1 O-O-O 16. b4 dxc3 17. Nxc3 Be5 18. Qf3 Bxc3 19. Qxc3 Nxb4 20. Be3 b6 21. f5 Rd3 22. Qc1 Bf7 23. Bf4 Qd7 24. Rb1 Nc6 25. a4 Bb3 26. Rxb3 Rxb3 27. Qc4 Rd3 28. Qa6+ Kd8 29. a5 Ra3 30. Rf2 Rxa5 31. Qc4 Ra1+ 32. Kh2 Rd1 33. Bf3 Rd4 34. Qc1 Nb4 35. Rd2 Nd3 36. Rxd3 Rxd3 37. Be2 Rd4 38. e5 fxe5 39. Bg5+ Ke8 40. Qe3 Qd5 41. f6 gxf6 42. Bxf6 Re4 43. Bb5+ Kf7 44. Qh6 Qa2+ 45. Kg3 Qb3+ 46. Kh4 Rg8 47. Qxh7+ Kxf6 48. Qf5+ Ke7 49. Qd7+ Kf8 50. Qd8+ Kf7 51. Qd7+ Kg6 52. Qf5+ Kg7 53. Qg5+ 1/2-1/2

[Event "LLHH 2324 SC Königsspringer II - SK Mar"]
[Site "?"]
[Date "2024.02.04"]
[Round "5.6"]
[White "Schroeter, Baldur"]
[Black "Bach, Matthias"]
[Result "0-1"]
[WhiteElo "2008"]
[BlackElo "2197"]
[PlyCount "42"]
[EventDate "2024.??.??"]

1. e4 c5 2. c3 Nf6 3. e5 Nd5 4. d4 cxd4 5. cxd4 Nc6 6. Nf3 d6 7. Bc4 Nb6 8. Bb3 d5 9. Nh4 h6 10. Be3 g5 11. Nf3 Bf5 12. Nc3 e6 13. Bc2 Bxc2 14. Qxc2 Nb4 15. Qe2 g4 16. Ng1 Nc4 17. Rc1 Nxb2 18. Qb5+ Qd7 19. Qxd7+ Kxd7 20. Kf1 Rc8 21. Nge2 N4d3 0-1

[Event "LLHH 2324 SC Königsspringer II - SK Mar"]
[Site "?"]
[Date "2024.02.04"]
[Round "5.7"]
[White "Diekmann, Jens"]
[Black "Goetz, Claus"]
[Result "1-0"]
[WhiteElo "2047"]
[BlackElo "1902"]
[PlyCount "87"]
[EventDate "2024.??.??"]

1. c4 c5 2. Nc3 Nc6 3. g3 g6 4. Bg2 Bg7 5. e4 e5 6. Nge2 Nge7 7. d3 O-O 8. O-O d6 9. Be3 Nd4 10. Rb1 Be6 11. b4 Rb8 12. Qd2 Qd7 13. Bh6 Bh3 14. Bxg7 Kxg7 15. Nxd4 Bxg2 16. Kxg2 cxd4 17. Ne2 f5 18. f3 h5 19. h4 fxe4 20. dxe4 b5 21. Rfc1 bxc4 22. Rxc4 d5 23. Rc5 dxe4 24. fxe4 Qg4 25. Qd3 Qe6 26. Qb3 Qxb3 27. Rxb3 Kf6 28. Nc1 Rfc8 29. Nd3 Rxc5 30. Nxc5 Rc8 31. Ra3 Nc6 32. Ra6 Ke7 33. b5 Nb4 34. Rxa7+ Kd6 35. Nb3 Rc2+ 36. Kf1 Rxa2 37. b6 Kc6 38. b7 Kc7 39. Na5 Ra1+ 40. Kg2 Ra2+ 41. Kh3 Rxa5 42. Rxa5 Nd3 43. Rb5 Kb8 44. Kg2 1-0

[Event "LLHH 2324 SC Königsspringer II - SK Mar"]
[Site "?"]
[Date "2024.02.04"]
[Round "5.8"]
[White "Kipke, Mark"]
[Black "Herlan, Klaus-Juergen"]
[Result "1-0"]
[WhiteElo "1581"]
[BlackElo "1979"]
[PlyCount "59"]
[EventDate "2024.??.??"]

1. e4 c5 2. c3 d5 3. exd5 Qxd5 4. d4 Bf5 5. Na3 e6 6. Nb5 Na6 7. Qa4 Qd7 8. Nd6+ Bxd6 9. Bb5 O-O-O 10. Bxd7+ Rxd7 11. Be3 Nf6 12. Nf3 Nd5 13. O-O Rhd8 14. dxc5 Nxe3 15. fxe3 Bxc5 16. Rfe1 Bb6 17. Nd4 Nc5 18. Qa3 Bg4 19. c4 e5 20. b4 Na6 21. c5 exd4 22. cxb6 axb6 23. exd4 Be6 24. b5 Nc7 25. Rac1 Kb8 26. Qg3 g6 27. Re3 Rc8 28. Rec3 f5 29. a4 Bd5 30. a5 1-0

[Event "LLHH 2324 Hamburger SK V - SK Johanneum "]
[Site "?"]
[Date "2024.02.04"]
[Round "5.1"]
[White "Wenzel, Birger"]
[Black "Fuhrmann, Bahne"]
[Result "0-1"]
[WhiteElo "2037"]
[BlackElo "2115"]
[PlyCount "82"]
[EventDate "2024.??.??"]

1. e4 e5 2. Nf3 Nc6 3. Nc3 Nf6 4. Bb5 Bc5 5. Bxc6 dxc6 6. O-O Qe7 7. d3 Bg4 8. h3 Bh5 9. Kh1 Nd7 10. Be3 f6 11. Qe2 g5 12. g4 Bg6 13. Kg2 h5 14. Rh1 Nf8 15. Bxc5 Qxc5 16. Qe3 Ne6 17. Qxc5 Nxc5 18. a4 Ne6 19. Ne2 a5 20. Nd2 O-O-O 21. Nc4 b6 22. f3 Kb7 23. b3 Rh7 24. Rae1 Nc5 25. Nc1 Bf7 26. Ne3 Rdh8 27. Ne2 Ne6 28. Ra1 Nf8 29. d4 Ng6 30. Rad1 hxg4 31. hxg4 Rxh1 32. Rxh1 Rxh1 33. Kxh1 exd4 34. Nxd4 Nh4 35. Nef5 c5 36. Nxh4 cxd4 37. Nf5 d3 38. cxd3 Bxb3 39. Kg2 b5 40. axb5 a4 41. Nd4 Bd1 0-1

[Event "LLHH 2324 Hamburger SK V - SK Johanneum "]
[Site "?"]
[Date "2024.02.04"]
[Round "5.2"]
[White "Meyling, Lennart"]
[Black "Johannsen, Dennis"]
[Result "1-0"]
[WhiteElo "2115"]
[BlackElo "2055"]
[PlyCount "85"]
[EventDate "2024.??.??"]

1. d4 Nf6 2. c4 g6 3. Nc3 d5 4. Qb3 dxc4 5. Qxc4 a6 6. e4 b5 7. Qd3 Bg7 8. Be3 O-O 9. h3 Bb7 10. a3 Qd7 11. Nf3 Rd8 12. Rd1 h6 13. Qb1 e6 14. Bd3 Qe8 15. O-O Nbd7 16. Nd2 e5 17. d5 c6 18. dxc6 Bxc6 19. Nb3 Rac8 20. Na2 Qe6 21. Na5 Ba8 22. f3 Kh7 23. Rc1 Bf8 24. a4 Nc5 25. Bc2 bxa4 26. Nc3 Nb3 27. Bxb3 axb3 28. Na4 Nd7 29. Rxc8 Rxc8 30. Rc1 Rb8 31. Qd3 Rb4 32. Rc7 Rxa4 33. Rxd7 Rxa5 34. Rd8 Bxe4 35. Qxe4 Be7 36. Re8 Qf6 37. Qc4 Bd6 38. Kf2 Rb5 39. Ra8 Qf5 40. Kg1 Qb1+ 41. Kh2 Qf5 42. Rxa6 Bb8 43. Qxb5 1-0

[Event "LLHH 2324 Hamburger SK V - SK Johanneum "]
[Site "?"]
[Date "2024.02.04"]
[Round "5.3"]
[White "Zobel, Andrej"]
[Black "Fuhrmann, Aake"]
[Result "1-0"]
[WhiteElo "2101"]
[BlackElo "2020"]
[PlyCount "53"]
[EventDate "2024.??.??"]

1. d4 Nf6 2. c4 g6 3. f3 c5 4. d5 Bg7 5. e4 d6 6. Nc3 O-O 7. Be3 e6 8. Nge2 exd5 9. cxd5 Re8 10. Qd2 a6 11. a4 Qa5 12. Ra3 Nbd7 13. Nc1 Ne5 14. Be2 c4 15. O-O Qc7 16. a5 Bd7 17. Bb6 Qc8 18. Bd4 Bb5 19. Na4 Ned7 20. Rd1 Qd8 21. Qb4 Rc8 22. Nc3 Rc5 23. Nxb5 Rxb5 24. Qc3 Nh5 25. Bxg7 Nxg7 26. b4 Qf6 27. Qxc4 1-0

[Event "LLHH 2324 Hamburger SK V - SK Johanneum "]
[Site "?"]
[Date "2024.02.04"]
[Round "5.4"]
[White "Foo, Tzun Hong"]
[Black "Dumjahn, Carsten"]
[Result "1-0"]
[WhiteElo "1953"]
[BlackElo "1988"]
[PlyCount "61"]
[EventDate "2024.??.??"]

1. e4 e6 2. d4 d5 3. exd5 exd5 4. c4 Nf6 5. Nc3 Bb4 6. Bd3 O-O 7. Nge2 dxc4 8. Bxc4 Re8 9. O-O Be6 10. Bd3 c6 11. Qc2 Nbd7 12. Nf4 Nf8 13. Be3 Ng4 14. Nxe6 Qh4 15. h3 Nxe3 16. fxe3 Nxe6 17. Ne4 Rad8 18. Qb3 Bd6 19. Nxd6 Rxd6 20. Qxb7 Re7 21. Qc8+ Rd8 22. Qxc6 Nxd4 23. Qc4 g6 24. exd4 Rxd4 25. Qc8+ Kg7 26. Bb5 Rde4 27. Qc3+ f6 28. Rad1 Re3 29. Rd3 Re1 30. Rdf3 Rxf1+ 31. Bxf1 1-0

[Event "LLHH 2324 Hamburger SK V - SK Johanneum "]
[Site "?"]
[Date "2024.02.04"]
[Round "5.6"]
[White "Kort, Felix"]
[Black "Markovic, Daniel"]
[Result "0-1"]
[WhiteElo "1960"]
[BlackElo "1960"]
[PlyCount "84"]
[EventDate "2024.??.??"]

1. d4 d5 2. c4 c6 3. Nf3 Nf6 4. Nc3 dxc4 5. a4 Bf5 6. Ne5 Nbd7 7. Nxc4 e6 8. f3 Bb4 9. e4 Bg6 10. Be3 O-O 11. Be2 Re8 12. O-O h6 13. Qb3 Bxc3 14. bxc3 b6 15. Nd6 Rf8 16. c4 Qc7 17. e5 Ne8 18. Nxe8 Rfxe8 19. f4 Red8 20. Bf3 Rac8 21. Rac1 Qb8 22. g4 Re8 23. Bg2 Kh8 24. h4 Bh7 25. Bd2 Qc7 26. Qg3 Qd8 27. Rce1 Nf8 28. Bc3 Ng6 29. h5 Ne7 30. Bh3 c5 31. dxc5 Rxc5 32. f5 Rxc4 33. f6 Nd5 34. Bd2 Nxf6 35. Bxh6 Ne4 36. Qf4 gxh6 37. Qxf7 Ng5 38. Qf6+ Qxf6 39. exf6 Nxh3+ 40. Kh2 Ng5 41. f7 Rf8 42. Rf6 Kg7 0-1

[Event "LLHH 2324 Hamburger SK V - SK Johanneum "]
[Site "?"]
[Date "2024.02.04"]
[Round "5.7"]
[White "Wehrstedt, Raphael"]
[Black "Lu, Yunong Elias"]
[Result "1/2-1/2"]
[WhiteElo "1755"]
[BlackElo "1841"]
[PlyCount "57"]
[EventDate "2024.??.??"]

1. d4 Nf6 2. c4 g6 3. g3 c6 4. Bg2 d5 5. Nf3 Bg7 6. cxd5 cxd5 7. O-O O-O 8. Ne5 Nc6 9. Nc3 e6 10. Nxc6 bxc6 11. Bd2 Nd7 12. e3 c5 13. dxc5 Nxc5 14. Na4 Nxa4 15. Qxa4 Bd7 16. Qa3 Qb6 17. Bc3 Rfc8 18. Bxg7 Kxg7 19. Rac1 Bb5 20. Rfe1 a5 21. b3 Qa6 22. Qb2+ Kg8 23. Rxc8+ Rxc8 24. Rc1 Rc6 25. Bf1 Rxc1 26. Qxc1 Bxf1 27. Qxf1 Qc6 28. Qd3 h5 29. h4 1/2-1/2